000 00841nam a2200313Ia 4500
001 34558
005 20240114001735.0
007 ta
008 070224s1998 g b000 u 465 u
040 _aCotton College,Assam
041 _a465
082 _a574.19
_bBe 462 Bi
100 _aBertini, Ivano .
245 0 _aBioinorganic Chemistry /
_cIvano Bertini...(et al).
_hTextual Documents
250 _a1st ed. /
260 _aNew Delhi :
_bViva Books Pvt. Ltd. ,
_c1998.
300 _aviii,611p. ;
_c22cm.
504 _aIndex
653 _aBioinorganic Chemistry
653 _aChemistry-Bioinorganic
653 _aG-Chemistry
700 _aGray, Harry B..
700 _aLippard, Stephen J..
700 _aValentine, J.S. .
942 _2ddc
_cBK
999 _c34540
_d34540